000 02409cam a2200133 4500500
005 20260208000022.0
041 _afre
042 _adc
100 1 0 _aBitty, Yehouda
_eauthor
245 0 0 _aLe Séminaire israélite de France : Études, écrits, documents et souvenirs
260 _bÉditions du Cerf,
_c2025.
520 _aEn 1820, l’idée de créer une école rabbinique en France a commencé à prendre forme. Elle fut offi ciellement inaugurée à Metz en 1830. Transférée à Paris sous le nom de Séminaire israélite, elle est installée depuis 1881 au 9, rue Vauquelin, au coeur du Quartier latin. Le Séminaire israélite de France, dont la mission principale est de former des rabbins, a joué un rôle essentiel dans l’histoire du judaïsme français. Il a été témoin de l’émancipation des Juifs en France, de leur intégration, des deux guerres mondiales et des évolutions de la communauté juive au XXe siècle. Son histoire reste pourtant largement méconnue. Ne lui est consacré qu’un seul ouvrage, rédigé en 1930 par le grand rabbin Jules Bauer, alors directeur de l’institution. À l’approche de son bicentenaire, il est temps de combler ce vide en présentant une histoire complète du Séminaire israélite de France, à la fois accessible au grand public et utile aux spécialistes. Cet ouvrage privilégie les sources primaires, autrefois réservées à un cercle restreint d’érudits. Il réunit des études de synthèse et d’analyse, ainsi que des documents historiques, des écrits souvent oubliés et des récits biographiques. Cette approche met en lumière l’apport de la micro-histoire pour comprendre la grande histoire et examine la pertinence des ego-documents dans l’analyse historique. Yehouda Bitty, docteur en philosophie juive, est maître de conférences à l’Institut académique Herzog, en Israël, où il a fondé le département d’éducation juive. Ses recherches portent en particulier sur l’histoire de l’éducation juive à l’époque moderne. En 2011, il a co-dirigé la publication de l’ouvrage Cent ans d’éducation religieuse sioniste (en hébreu). Il est aussi auteur de plusieurs articles portant sur l’histoire intellectuelle et sociale du judaïsme français au xixe siècle.
856 4 1 _uhttps://shs.cairn.info/le-seminaire-israelite-de-france--9782204166072?lang=fr&redirect-ssocas=7080
999 _c1643468
_d1643468